Heritage Works (Record no. 114921)
[ view plain ]
| 000 -LEADER | |
|---|---|
| fixed length control field | 01117cad a22002295a 4500 |
| 001 - CONTROL NUMBER | |
| control field | L157686 |
| 008 - FIXED-LENGTH DATA ELEMENTS--GENERAL INFORMATION | |
| fixed length control field | 130227s2013 xxk f 000 0 eng d |
| 035 ## - SYSTEM CONTROL NUMBER | |
| System control number | (Sirsi) u157686 |
| 041 0# - LANGUAGE CODE | |
| Language code of text/sound track or separate title | eng |
| 110 2# - MAIN ENTRY--CORPORATE NAME | |
| Corporate name or jurisdiction name as entry element | British Property Federation |
| 9 (RLIN) | 1604 |
| 245 00 - TITLE STATEMENT | |
| Title | Heritage Works |
| Remainder of title | The use of historic buildings in regneration |
| -- | A toolkit of good practice |
| Medium | [electronic resource] |
| 250 ## - EDITION STATEMENT | |
| Edition statement | 2nd edition |
| 260 ## - PUBLICATION, DISTRIBUTION, ETC. | |
| Place of publication, distribution, etc. | London |
| Name of publisher, distributor, etc. | BPF |
| Date of publication, distribution, etc. | 2013 |
| 520 ## - SUMMARY, ETC. | |
| Summary, etc. | Updated from the 2006 first edition the publication shows how heritage based regeneration can work in practice. Provides practical step-by-step guide for developers, owners, local authorities and advisers provides invaluable advice and warns of common pitfalls and points to ways of overcoming them. |
| 590 ## - LOCAL NOTE (RLIN) | |
| Local note | KA |
| 651 #4 - SUBJECT ADDED ENTRY--GEOGRAPHIC NAME | |
| Geographic name | England |
| Chronological subdivision | 886- |
| 710 1# - ADDED ENTRY--CORPORATE NAME | |
| Corporate name or jurisdiction name as entry element | Deloitte |
| 9 (RLIN) | 5633 |
| 710 1# - ADDED ENTRY--CORPORATE NAME | |
| Corporate name or jurisdiction name as entry element | English Heritage |
| 9 (RLIN) | 2714 |
| 710 1# - ADDED ENTRY--CORPORATE NAME | |
| Corporate name or jurisdiction name as entry element | Royal Institution of Chartered Surveyors |
| 9 (RLIN) | 4900 |
| 856 40 - ELECTRONIC LOCATION AND ACCESS | |
| Uniform Resource Identifier | <a href="https://www.deloitterealestate.co.uk/cmspages/getfile.aspx?guid=45fa1ce8-8a10-41af-95e9-f28a79b0dd20">https://www.deloitterealestate.co.uk/cmspages/getfile.aspx?guid=45fa1ce8-8a10-41af-95e9-f28a79b0dd20</a> |
| Public note | View the item free of charge at www.deloitterealestate.co.uk |
| 942 ## - ADDED ENTRY ELEMENTS (KOHA) | |
| Suppress in OPAC | 0 |
| Withdrawn status | Lost status | Source of classification or shelving scheme | Damaged status | Not for loan | Home library | Current library | Shelving location | Date acquired | Total Checkouts | Full call number | Barcode | Date last seen | Copy number | Price effective from | Koha item type |
|---|---|---|---|---|---|---|---|---|---|---|---|---|---|---|---|
| Dewey Decimal Classification | London | London | Online | 27/02/2013 | ONLINE PUBLICATION | 157686-1001 | 06/08/2019 | 1 | 06/08/2019 | Book |